| 000 | 01030nam a2200193 i 4500 | ||
|---|---|---|---|
| 001 | 81213 | ||
| 003 | ES-MaACL | ||
| 005 | 20230906174406.0 | ||
| 007 | t| | ||
| 008 | 180214s1926 sp ||||1| spa d | ||
| 245 | 0 | 0 |
_aApéndice II a los temas modificados del nuevo programa para notarías determinadas _b: autorizado por Real orden de 19 de junio de 1926 (materias de hipotecaria, derechos reales y tiembre, internacional, administrativo, mercantil y procedimientos judiciales). |
| 260 |
_aMadrid : _bReus, _c1926. |
||
| 300 |
_a39, 64, 48, 20 p. ; _c23 cm. |
||
| 490 | 1 | _aBiblioteca de oposiciones. Contestaciones Reus | |
| 505 | 8 | _aContiene: Legislación hipotecaria / por Fernando Campuzano Horma -- Legislación del impuesto de derechos reales y del timbre del estado / por Jesús Marañón -- Derecho internacional privado / por José Ramón de Orúe -- Derecho mercantil / por Emilio Miñana | |
| 830 | 0 |
_aBiblioteca de oposiciones. Contestaciones Reus _9184627 |
|
| 852 |
_aES-MaACL _jA-598 |
||
| 999 |
_c81213 _d81213 |
||